Prentice Hall nursing diagnosis handbook with NIC interventions and NOC outcomes. (Record no. 10921)

MARC details
000 -LEADER
fixed length control field 01661cam a22003974a 4500
001 - CONTROL NUMBER
control field 15015777
005 - DATE AND TIME OF LATEST TRANSACTION
control field 20080703095322.0
008 - FIXED-LENGTH DATA ELEMENTS--GENERAL INFORMATION
fixed length control field 070919s2009 nju bf 001 0 eng
010 ## - LIBRARY OF CONGRESS CONTROL NUMBER
LC control number 2007038632
016 7# - NATIONAL BIBLIOGRAPHIC AGENCY CONTROL NUMBER
Record control number 101316878
Source DNLM
020 ## - INTERNATIONAL STANDARD BOOK NUMBER
International Standard Book Number 9780138131142 (pbk : alk. paper)
020 ## - INTERNATIONAL STANDARD BOOK NUMBER
International Standard Book Number 0138131147 (pbk. : alk. paper)
035 ## - SYSTEM CONTROL NUMBER
System control number (OCoLC)ocn173469760
035 ## - SYSTEM CONTROL NUMBER
System control number (OCoLC)173469760
040 ## - CATALOGING SOURCE
Original cataloging agency DNLM/DLC
Transcribing agency DLC
Modifying agency NLM
-- BAKER
-- BTCTA
-- YDXCP
-- C#P
-- DLC
042 ## - AUTHENTICATION CODE
Authentication code pcc
050 00 - LIBRARY OF CONGRESS CALL NUMBER
Classification number RT49
Item number .W54 2009
060 10 - NATIONAL LIBRARY OF MEDICINE CALL NUMBER
Classification number WY 49
Item number W686p 2009
082 00 - DEWEY DECIMAL CLASSIFICATION NUMBER
Classification number 616.075
Edition number 22
Item number WIL NR
100 1# - MAIN ENTRY--PERSONAL NAME
Personal name Wilkinson, Judith M.,
Dates associated with a name 1946-
245 10 - TITLE STATEMENT
Title Prentice Hall nursing diagnosis handbook with NIC interventions and NOC outcomes.
246 30 - VARYING FORM OF TITLE
Title proper/short title Nursing diagnosis handbook
250 ## - EDITION STATEMENT
Edition statement 9th ed. /
Remainder of edition statement Judith M. Wilkinson, Nancy R. Ahern.
260 ## - PUBLICATION, DISTRIBUTION, ETC. (IMPRINT)
Place of publication, distribution, etc Upper Saddle River, N.J. :
Name of publisher, distributor, etc Pearson Prentice Hall,
Date of publication, distribution, etc c2009.
300 ## - PHYSICAL DESCRIPTION
Extent vii, 1033 p. ;
Dimensions 21 cm.
504 ## - BIBLIOGRAPHY, ETC. NOTE
Bibliography, etc Includes bibliographical references (p. 849-958) and index.
650 #0 - SUBJECT ADDED ENTRY--TOPICAL TERM
Topical term or geographic name as entry element Nursing care plans
Form subdivision Handbooks, manuals, etc.
650 #0 - SUBJECT ADDED ENTRY--TOPICAL TERM
Topical term or geographic name as entry element Nursing diagnosis
Form subdivision Handbooks, manuals, etc.
650 12 - SUBJECT ADDED ENTRY--TOPICAL TERM
Topical term or geographic name as entry element Nursing Diagnosis
Form subdivision Handbooks.
650 22 - SUBJECT ADDED ENTRY--TOPICAL TERM
Topical term or geographic name as entry element Patient Care Planning
Form subdivision Handbooks.
700 1# - ADDED ENTRY--PERSONAL NAME
Personal name Ahern, Nancy R.
856 41 - ELECTRONIC LOCATION AND ACCESS
Materials specified Table of contents
Uniform Resource Identifier <a href="http://www.loc.gov/catdir/toc/fy0804/2007038632.html">http://www.loc.gov/catdir/toc/fy0804/2007038632.html</a>
942 ## - ADDED ENTRY ELEMENTS (KOHA)
Source of classification or shelving scheme Dewey Decimal Classification
Item type Book - Borrowing
Holdings
Withdrawn status Item status Source of classification or shelving scheme Damaged status Not for loan Vendor Home library Current library Shelving location Date acquired Source of acquisition Cost, normal purchase price Serial Enumeration / chronology Total Checkouts Total Renewals Full call number Barcode Date last seen Date last borrowed Koha item type
    Dewey Decimal Classification     Alahram Central Library Central Library First floor 22/02/2009 Purchase 225.00 329 19 55 616.075 WIL 000044542 15/07/2025 10/05/2015 Book - Borrowing